000 00805nam a2200217Ia 4500
003 GCL
008 140319s9999 xx 000 0 ara d
020 _a4314227977
040 _aGCL /
_cGCL
082 0 4 _aق
_b351
_bع و
100 1 _aعلاء جمعة
245 1 0 _aوزارة القوى العاملة /
_cعلاء جمعة
260 _aالقاهرة :
_bمركز الدراسات السياسية والاستراتيجية - الأهرام ،
_c2005
300 _a120 ص ؛
_c22 سم
490 _aسلسلة الوزارات المصرية
_v0
650 0 4 _aالعمل والعمال - مصر
650 0 4 _aالوزارات - مصر
650 0 4 _aوزارة القوى العاملة - مصر
650 0 4 _aوزارة القوى العاملة - تنظيم وإدارة
942 _2ddc
_cBK
999 _c9288
_d9288